| 000 | 00350nam a2200133Ia 4500 | ||
|---|---|---|---|
| 008 | 220216s9999 xx 000 0 und d | ||
| 100 | _aViswanathan P K | ||
| 245 | 0 | _aIntegrated farm livelihood systems for resilience | |
| 260 |
_bTyre Asia _c2017 |
||
| 300 | _a62-64 | ||
| 500 | _aSource Year: 2017 | ||
| 650 | _aMarketing challenges | ||
| 942 | _cJS | ||
| 999 |
_c61465 _d61465 |
||